00000000nam 2200000zi 4500
0019.940228
003CaOODSP
00520241129153328
006m     o  d f      
007cr cn|||||||||
008240708t20242024quca    ob   f000 0 fre d
020 |a9780660726885
040 |aCaOODSP|bfre|erda|cCaOODSP
043 |an-cn-bc
0861 |aTU3-10/23-0091F-1-PDF
1102 |aBureau de la sécurité des transports du Canada.|eauteur, |eorganisme de publication.
24510|aCollision avec le relief, Air Nootka Ltd., de Havilland DHC-2 Mk. I (Beaver) (C-FZVP), Hydroaérodrome de Gold River (Colombie-Britannique), 28 juillet 2023.
264 1|aGatineau QC : |bBureau de la sécurité des transports du Canada = Transportation Safety Board of Canada, |c2024.
264 4|c©2024
300 |a1 ressource en ligne (10 pages) : |billustrations.
336 |atexte|btxt|2rdacontent/fre
337 |ainformatique|bc|2rdamedia/fre
338 |aressource en ligne|bcr|2rdacarrier/fre
4901 |aRapport d'enquête sur la sécurité du transport aérien ; |vA23P0091
500 |aTitre de la couverture.
500 |a« Publié le 22 juillet 2024. »
500 |aPublié aussi en anglais sous le titre : Collision with terrain, Air Nootka Ltd., de Havilland DHC-2 Mk. I (Beaver) (C-FZVP), Gold River Water Aerodrome (British Columbia), 28 July 2023.
504 |aComprend des références bibliographiques.
650 6|aAéronautique|xAccidents|xEnquêtes|zColombie-Britannique.
77508|tCollision with terrain, Air Nootka Ltd., de Havilland DHC-2 Mk. I (Beaver) (C-FZVP), Gold River Water Aerodrome (British Columbia), 28 July 2023.|w(CaOODSP)9.940227
830#0|aBilan d'enquête de sécurité du transport aérien ;|vA23P0091.|w(CaOODSP)9.845276
85640|qPDF|s723 Ko|uhttps://publications.gc.ca/collections/collection_2024/bst-tsb/TU3-10-23-0091-1-fra.pdf
8564 |qHTML|sS.O.|uhttps://www.bst-tsb.gc.ca/fra/rapports-reports/aviation/2023/a23p0091/a23p0091.html